LIBRARY ONLINE CATALOGUE

Ethics/ (Record no. 20302)

MARC details
000 -LEADER
fixed length control field 00414nam a22001817a 4500
003 - CONTROL NUMBER IDENTIFIER
control field OSt
005 - DATE AND TIME OF LATEST TRANSACTION
control field 20230919094326.0
008 - FIXED-LENGTH DATA ELEMENTS--GENERAL INFORMATION
fixed length control field 230919b |||||||| |||| 00| 0 eng d
020 ## - INTERNATIONAL STANDARD BOOK NUMBER
International Standard Book Number 9332549920
040 ## - CATALOGING SOURCE
Transcribing agency KABU
050 ## - LIBRARY OF CONGRESS CALL NUMBER
Classification number BJ1012
Item number .F73 2015
100 ## - MAIN ENTRY--PERSONAL NAME
Personal name Frankena, William K.
245 ## - TITLE STATEMENT
Title Ethics/
Statement of responsibility, etc. William K. Frankena
250 ## - EDITION STATEMENT
Edition statement 2nd ed.
260 ## - PUBLICATION, DISTRIBUTION, ETC. (IMPRINT)
Date of publication, distribution, etc. 2015
300 ## - PHYSICAL DESCRIPTION
Extent xvi, 125p.
942 ## - ADDED ENTRY ELEMENTS (KOHA)
Source of classification or shelving scheme Library of Congress Classification
Koha item type General Collection
Holdings
Withdrawn status Lost status Source of classification or shelving scheme Not for loan Home library Current library Date acquired Cost, normal purchase price Total Checkouts Full call number Barcode Date last seen Date last checked out Price effective from Koha item type
    Library of Congress Classification   Kabarak, Main Campus Kabarak, Main Campus 19/09/2023 2801.00 1 BJ1012 .F73 2015 c.1 031706 09/12/2025 28/11/2025 19/09/2023 General Collection